| 000 | 01013nam a2200397 a 4500 | ||
|---|---|---|---|
| 003 | AR-BaBNM | ||
| 005 | 20251128204846.0 | ||
| 008 | 082120s2002 ||||||||||||||000 | spa|| | ||
| 040 | _cAR-BaBNM | ||
| 100 | 1 | _aModern, Rodolfo Enrique | |
| 245 | 0 | 0 |
_aEstudios de literatura alemana _bde Hölderlin a Peter Weiss |
| 260 |
_aBuenos Aires _bNueva Visión _c1975 |
||
| 300 | _a213 p. | ||
| 490 | 0 |
_aFichas _vv. 44 |
|
| 600 | 1 | 4 | _aGeorg, Stefan |
| 600 | 1 | 4 | _aTrakl, Georg |
| 600 | 1 | 4 | _aKafka, Franz |
| 600 | 1 | 4 | _aHofmannsthal, Hugo Von |
| 650 | 4 | _aTEORIA LITERARIA | |
| 650 | 4 | _aCRITICA LITERARIA | |
| 650 | 4 | _aHISTORIA LITERARIA | |
| 650 | 4 | _aPOESIA | |
| 650 | 4 | _aDRAMA | |
| 650 | 4 | _aARTE DE VANGUARDIA | |
| 650 | 4 | _aROMANTICISMO | |
| 650 | 4 | _aTEATRO | |
| 651 | 4 | _aAlemania | |
| 653 | _aLIRICA | ||
| 653 | _aSIMBOLISMO | ||
| 653 | _aEXPRESIONISMO | ||
| 653 | _aNEOCLASICISMO | ||
| 655 | _aLITERATURA | ||
| 800 | 1 |
_aRabinovich, Guillermo _edirector |
|
| 942 | _cBK | ||
| 998 | _cMARTIN | ||
| 999 |
_c9070 _d9070 |
||